| 000 | 01187nam a22002295i 4500 | ||
|---|---|---|---|
| 001 | 161136 | ||
| 003 | ES-MaACL | ||
| 005 | 20240203062550.0 | ||
| 008 | 041019s1885 sp |||| | spa d | ||
| 100 | 1 |
_aOsío, Manuel Isidro. _9130739 |
|
| 245 | 1 | 0 |
_aDiscurso pronunciado en el solemne acto de inaugurarse la sociedad Unión Ibero-Americana, bajo la presidencia del Sr. Segismundo Moret y Prendergast, en el Paraninfo de la Universidad Central el 23 de marzo de 1885 / _cpor Manuel Isidro Osío. |
| 260 |
_aMadrid : _b[s.n.], _c1885 ( _fImp. de Enrique Teodoro) |
||
| 300 |
_a15 p. ; _c19 cm. |
||
| 594 | _aTema del discurso: El establecimiento de las confraternidades e íntimas relaciones literarias, científicas y comerciales entre España, Portugal y la América española. | ||
| 610 | 2 | 4 |
_aUnión Ibero-Americana. _97037 |
| 651 | 4 |
_aEspaña- _xRelaciones- _zPortugal. _98476 |
|
| 651 |
_aPortugal- _xRelaciones- _zEspaña. _99269 |
||
| 651 | 4 |
_aEspaña- _xRelaciones- _zAmérica española. _98453 |
|
| 710 | 2 |
_aUniversidad Central (Madrid) _97084 |
|
| 852 |
_aES-MaACL _jT-475-F-13 _z- Enc. hol., falto de cub. original _z- Enc. en un vol. facticio |
||
| 999 |
_c161136 _d161136 |
||